| 000 | 00691nam a2200265Ia 4500 | ||
|---|---|---|---|
| 008 | 170711s9999 xx 000 0 und d | ||
| 020 | _a9780818407079 | ||
| 050 | _a795.41 | ||
| 050 | _bM875 2007 | ||
| 245 | _aWomen's poker night : | ||
| 245 | _bstories and strategies from the feminine side og the felt / | ||
| 245 | _cedited by Maryann Morrison. | ||
| 260 | _aNew York : | ||
| 260 | _bLyle Stuart, | ||
| 260 | _c2007 | ||
| 300 | _ax, 223 pages : | ||
| 300 | _billustrations ; | ||
| 300 | _c21cm. | ||
| 500 | _aIncludes glossary. | ||
| 650 | _aPoker -- | ||
| 650 | _aPoker. | ||
| 650 | _aWomen poker players. | ||
| 650 | _xAnecdotes. | ||
| 700 | _aMorrison, Maryann. | ||
| 999 |
_c339941 _d339941 |
||